Complete handyman do-it-yourself encyclopedia : (Запис № 483141)
[ простий вигляд ]
| 000 -LEADER | |
|---|---|
| fixed length control field | 01328cam a2200289 i 4500 |
| 001 - CONTROL NUMBER | |
| control field | completehandyman14th00new |
| 003 - CONTROL NUMBER IDENTIFIER | |
| control field | CaSfIA |
| 005 - DATE AND TIME OF LATEST TRANSACTION | |
| control field | 20210117225220.0 |
| 007 - PHYSICAL DESCRIPTION FIXED FIELD--GENERAL INFORMATION | |
| fixed length control field | cr|||| |
| 008 - FIXED-LENGTH DATA ELEMENTS--GENERAL INFORMATION | |
| fixed length control field | 750428s1975 nyua e 001 0 eng |
| 035 ## - SYSTEM CONTROL NUMBER | |
| -- | (DLC) 74021375 |
| 010 ## - LIBRARY OF CONGRESS CONTROL NUMBER | |
| LC control number | 74021375 |
| 040 ## - CATALOGING SOURCE | |
| Original cataloging agency | DLC |
| Transcribing agency | DLC |
| Modifying agency | DLC |
| -- | CaSfIA |
| 050 00 - LIBRARY OF CONGRESS CALL NUMBER | |
| Classification number | TT9 |
| Item number | .C65 |
| 082 00 - DEWEY DECIMAL CLASSIFICATION NUMBER | |
| Classification number | 643/.7 |
| 245 00 - TITLE STATEMENT | |
| Title | Complete handyman do-it-yourself encyclopedia : |
| Medium | [electronic resource] |
| Remainder of title | a compilation of special interest projects and manuals for the repair and care of homes, autos, appliances, hobby equipment / |
| Statement of responsibility, etc | by the editors of Science & mechanics. |
| 260 ## - PUBLICATION, DISTRIBUTION, ETC. (IMPRINT) | |
| Place of publication, distribution, etc | New York : |
| Name of publisher, distributor, etc | H. S. Stuttman Co., |
| Date of publication, distribution, etc | [1975] |
| 300 ## - PHYSICAL DESCRIPTION | |
| Extent | 21 v. : |
| Other physical details | ill. ; |
| Dimensions | 26 cm. |
| 500 ## - GENERAL NOTE | |
| General note | Includes index. |
| 506 ## - RESTRICTIONS ON ACCESS NOTE | |
| Standardized terminology for access restriction | Необхідна авторизація на https://archive.org/ (створення облікового запису безкоштовно) |
| 506 ## - RESTRICTIONS ON ACCESS NOTE | |
| Standardized terminology for access restriction | Необхідна авторизація на https://openlibrary.org/ (створення облікового запису безкоштовно) |
| 650 #0 - SUBJECT ADDED ENTRY--TOPICAL TERM | |
| Topical term or geographic name as entry element | Do-it-yourself work |
| General subdivision | Encyclopedias. |
| 730 ## - ADDED ENTRY--UNIFORM TITLE | |
| Uniform title | Science and mechanics. |
| 740 ## - ADDED ENTRY--UNCONTROLLED RELATED/ANALYTICAL TITLE | |
| Uncontrolled related/analytical title | Do-it-yourself. |
| 856 41 - ELECTRONIC LOCATION AND ACCESS | |
| Uniform Resource Identifier | <a href="http://www.archive.org/details/completehandyman14th00new">http://www.archive.org/details/completehandyman14th00new</a> |
| Public note | Free eBook from the Internet Archive |
| 942 ## - ADDED ENTRY ELEMENTS (KOHA) | |
| Koha item type | ЕКнига |
Немає доступних примірників.